Didaktika účtovníctva I.
Na minha lista:
| Autor principal: | |
|---|---|
| Autor Corporativo: | |
| Formato: | Livro |
| Idioma: | eslovaco |
| Publicado em: |
Bratislava
Vydavateľstvo EKONÓM
2005
|
| Edição: | 3. preprac. vyd. |
| Assuntos: | |
| Tags: |
Sem tags, seja o primeiro a adicionar uma tag!
|
MARC
| LEADER | 00000nam$a2200000$$$4500 | ||
|---|---|---|---|
| 001 | 0036507 | ||
| 005 | 20240502071451.4 | ||
| 020 | |a 80-225-2096-9 | ||
| 041 | 0 | |a slo | |
| 044 | |a SK | ||
| 245 | 1 | 0 | |a Didaktika účtovníctva I. |c Rudolf Šlosár |
| 250 | |a 3. preprac. vyd. | ||
| 264 | 1 | |a Bratislava |b Vydavateľstvo EKONÓM |c 2005 | |
| 300 | |a 203 s. | ||
| 610 | 2 | 0 | |a účtovníctvo |
| 610 | 2 | 0 | |a didaktika |
| 610 | 2 | 0 | |a vzdelávanie |
| 610 | 2 | 0 | |a školy stredné |
| 610 | 2 | 0 | |a majetok |
| 610 | 2 | 0 | |a inventúra |
| 610 | 2 | 0 | |a inventarizácia |
| 610 | 2 | 0 | |a účtovníctvo podvojné |
| 610 | 2 | 0 | |a rozbory |
| 610 | 2 | 0 | |a súvaha |
| 610 | 2 | 0 | |a doklady účtovné |
| 610 | 2 | 0 | |a zápisy účtovné |
| 610 | 2 | 0 | |a knihy účtovné |
| 610 | 2 | 0 | |a prípady účtovné |
| 610 | 2 | 0 | |a výsledok hospodársky |
| 610 | 2 | 0 | |a Slovensko |
| 100 | 1 | |a Šlosár, Rudolf | |
| 710 | 2 | |a Ekonomická univerzita v Bratislave. Národohospodárska fakulta | |